NASRETTİN HOCA FIKRALARI BİLMECELER VE TEKERLEMELER (Record no. 1223077)

MARC details
000 -LEADER
sabit uzunluktaki kontrol alanı 00286nam a2200097Ia 4500
001 - KONTROL NUMARASI
kontrol alanı 1223077
005 - EN SON İŞLEMİN TARİH VE ZAMANI
kontrol alanı 20250827092900.0
008 - SABİT-UZUNLUKTA VERİ ÖĞELERİ--GENEL BİLGİ
sabit uzunluktaki kontrol alanı 250824s9999 xx 000 0 und d
245 #0 - ESER / YAZAR
ESER ADI NASRETTİN HOCA FIKRALARI BİLMECELER VE TEKERLEMELER
Yazar Adı AYŞE ŞENGÜL
260 ## - YAYIN, DAĞITIM, VB.
YAYIN EVİ MAVİ ÇOCUK YAYINEVİ
Holdings
Düşüm durumu Kayıp durumu Hasar Durumu Ödünç verilmez Ana kütüphane Geçerli Kütüphane Edinilen tarih Toplam ödünç verme sayısı Barkod Son görüntüleme tarihi Fiyatın geçerli olmaya başladığı tarih Koha materyal türü
        OSMANGAZİ İLKOKULU OSMANGAZİ İLKOKULU 24.08.2025   10386017 27.08.2025 27.08.2025 Books